<?xml version="1.0" encoding="UTF-8"?>
<record
    xmlns:xsi="http://www.w3.org/2001/XMLSchema-instance"
    xsi:schemaLocation="http://www.loc.gov/MARC21/slim http://www.loc.gov/standards/marcxml/schema/MARC21slim.xsd"
    xmlns="http://www.loc.gov/MARC21/slim">

  <leader>01251cam a2200313 a 4500</leader>
  <controlfield tag="001">78445</controlfield>
  <controlfield tag="003">BD-RjUL</controlfield>
  <controlfield tag="005">20211209083129.0</controlfield>
  <controlfield tag="008">210923s19681377ir a     b    000 0 per d</controlfield>
  <datafield tag="020" ind1=" " ind2=" ">
    <subfield code="a">9644353099</subfield>
  </datafield>
  <datafield tag="035" ind1=" " ind2=" ">
    <subfield code="a">(BD-RjUL)78671</subfield>
  </datafield>
  <datafield tag="040" ind1=" " ind2=" ">
    <subfield code="a">MH</subfield>
    <subfield code="c">MH</subfield>
    <subfield code="d">CStRLIN</subfield>
    <subfield code="d">DLC-R</subfield>
    <subfield code="d">DLC</subfield>
    <subfield code="b">eng</subfield>
  </datafield>
  <datafield tag="041" ind1=" " ind2=" ">
    <subfield code="a">per</subfield>
  </datafield>
  <datafield tag="066" ind1=" " ind2=" ">
    <subfield code="c">(3</subfield>
    <subfield code="c">(4</subfield>
  </datafield>
  <datafield tag="082" ind1=" " ind2=" ">
    <subfield code="2">23</subfield>
    <subfield code="a">891.55092</subfield>
    <subfield code="b">MUQ 1968[1377]</subfield>
  </datafield>
  <datafield tag="100" ind1="1" ind2=" ">
    <subfield code="a">&#x645;&#x648;&#x633;&#x648;&#x649; &#x6AF;&#x631;&#x645;&#x627;&#x631;&#x648;&#x62F;&#x649;&#x60C; &#x639;&#x644;&#x649;.;; M&#x16B;sav&#x12B; Garm&#x101;r&#x16B;d&#x12B;, &#x2BB;Al&#x12B;.</subfield>
    <subfield code="9">248340</subfield>
  </datafield>
  <datafield tag="245" ind1="1" ind2="0">
    <subfield code="a">&#x642;&#x644;&#x645; &#x627;&#x646;&#x62F;&#x627;&#x632; : ;; Qalam&#x2B9;and&#x101;z :</subfield>
    <subfield code="b">&#x645;&#x62C;&#x645;&#x648;&#x639;&#x6C0; &#x645;&#x642;&#x627;&#x644;&#x627;&#x62A;&#x60C; &#x633;&#x641;&#x631;&#x646;&#x627;&#x645;&#x647; &#x647;&#x627; &#x648; &#x646;&#x642;&#x62F; &#x648; &#x628;&#x631;&#x631; &#x633;&#x649; &#x664;&#x667;&#x663;&#x661;-&#x668;&#x664;&#x663;&#x661; / majm&#x16B;&#x2BB;ah-&#x2BC;i maq&#x101;l&#x101;t, safarn&#x101;mah&#x2B9;h&#x101; va naqd va bar&#x2B9;ras&#x12B;, 1348-1374 /</subfield>
    <subfield code="c"> &#x639;&#x644;&#x649; &#x645;&#x648;&#x633;&#x648;&#x649; &#x6AF;&#x631;&#x645;&#x627;&#x631;&#x648;&#x62F;&#x649;.;; Al&#x12B; M&#x16B;sav&#x12B; Garm&#x101;r&#x16B;d&#x12B;.</subfield>
  </datafield>
  <datafield tag="246" ind1="1" ind2=" ">
    <subfield code="i">Title on p. 4 of cover:</subfield>
    <subfield code="a">Miscellanea</subfield>
  </datafield>
  <datafield tag="250" ind1=" " ind2=" ">
    <subfield code="a">&#x686;&#x627;&#x67E; 1. ;; Ch&#x101;p-i 1.</subfield>
  </datafield>
  <datafield tag="260" ind1=" " ind2=" ">
    <subfield code="a">Tihr&#x101;n :</subfield>
    <subfield code="b">Sur&#x16B;sh,</subfield>
    <subfield code="c">1968.</subfield>
  </datafield>
  <datafield tag="260" ind1=" " ind2=" ">
    <subfield code="a">&#x62A;&#x647;&#x631;&#x627;&#x646; :</subfield>
    <subfield code="b">&#x633;&#x631;&#x648;&#x634;&#x60C;</subfield>
    <subfield code="c">&#x661;&#x663;&#x667;&#x667;</subfield>
  </datafield>
  <datafield tag="300" ind1=" " ind2=" ">
    <subfield code="a">590 p. :</subfield>
    <subfield code="b">ill. ;</subfield>
    <subfield code="c">24 cm.</subfield>
  </datafield>
  <datafield tag="500" ind1=" " ind2=" ">
    <subfield code="a">Miscellaneous writings.</subfield>
  </datafield>
  <datafield tag="504" ind1=" " ind2=" ">
    <subfield code="a">Includes bibliographical references.</subfield>
  </datafield>
  <datafield tag="650" ind1=" " ind2=" ">
    <subfield code="a">Persian literature</subfield>
    <subfield code="9">248341</subfield>
    <subfield code="v"> Criticism and interpretation.</subfield>
  </datafield>
  <datafield tag="650" ind1=" " ind2=" ">
    <subfield code="a">Authors, Persian</subfield>
    <subfield code="9">248342</subfield>
  </datafield>
  <datafield tag="942" ind1=" " ind2=" ">
    <subfield code="2">ddc</subfield>
    <subfield code="c">BK</subfield>
  </datafield>
  <datafield tag="999" ind1=" " ind2=" ">
    <subfield code="c">78445</subfield>
    <subfield code="d">78445</subfield>
  </datafield>
  <datafield tag="952" ind1=" " ind2=" ">
    <subfield code="0">0</subfield>
    <subfield code="1">0</subfield>
    <subfield code="2">ddc</subfield>
    <subfield code="4">0</subfield>
    <subfield code="7">1</subfield>
    <subfield code="8">NFIC</subfield>
    <subfield code="a">RUCL</subfield>
    <subfield code="b">RUCL</subfield>
    <subfield code="c">Reading</subfield>
    <subfield code="d">2007-08-13</subfield>
    <subfield code="e">Iran Embassy , Dhaka</subfield>
    <subfield code="l">0</subfield>
    <subfield code="o">F 891.55092 MUQ 1968[1377]</subfield>
    <subfield code="r">2021-09-23 00:00:00</subfield>
    <subfield code="t">C-1</subfield>
    <subfield code="w">2021-09-23</subfield>
    <subfield code="y">BK</subfield>
  </datafield>
</record>
